01131 2200313 4500001002100000005001500021035002000036007000300056008004100059040002200100082001400122084001600136090002200152245010500174300005000279650002500329850001200354264015800366336002100524337003000545338002300575700002800598700003500626100003400661504002800695999002200723440005000745990002200795INLIS00000000089884320250811113625 a0010-0825000277ta250811sS.a yoia g ind d aYOPDYOGbinderda04223a305.3 a305.3 ROF b aCB-D.11 [S.a]-00810aBuku strategi pengarusutamaan gender di DIY /cRofiqoh Widiastuti, Dina Mariana, Dinda Ahlul Latifah a32 halaman :btabel, gambar berwarna ;c21 cm 4aGender, Diskriminasi aYOPDYOG31a[Yogyakarta] :bDinas Pemberdayaan Perempuan, Perlindungan Anak dan Pengendalian Penduduk Daerah Istimewa Yogyakarta,ctahun terbit tidak teridentifikasi 2rdacontentateks 2rdamediaatanpa perantara 2rdacarrieravolume0 aDina MarianaePengarang0 aDinda Ahlul LatifahePengarang0 aRofiqoh WidiastutiePengarang aBibliografi: halaman 32 aCB-D.11/[S.a]-008 aSeri Panduan Administrasi Keuangan di Sekolah aCB-D.11/[S.a]-008